Pau Casals /
Descripción Física:
[24] f., [2] f. de làm. : il. ; 21 cm
Idioma:
Catalán , French
MARC
| LEADER | 00000cam a2200000 a 4500 | ||
|---|---|---|---|
| 001 | 24813 | ||
| 003 | AGDB | ||
| 005 | 20260324181535.0 | ||
| 008 | 050810s1951 spa|||||||||||00| ||cat| | ||
| 035 | |a (ES-BaCBU).b33740835 | ||
| 040 | |a ES-BaCBU |b cat |c ES-BaCBU | ||
| 041 | |a cat |a fre | ||
| 080 | |a 849.9-1"19" | ||
| 100 | |a Tharrats, Joan-Josep, |d 1918-2001 |9 72468 | ||
| 245 | 1 | 0 | |a Pau Casals / |c J. Tharrats |
| 260 | |a Barcelona : |b [s.n.], |c 1951 | ||
| 300 | |a [24] f., [2] f. de làm. : |b il. ; |c 21 cm | ||
| 500 | |a Prové del fons Joan Junyer i Pascual (1909-1994) | ||
| 504 | |a Sumari | ||
| 600 | 0 | |a Casals, Pau, |d 1876-1973 |2 lemac |9 72470 | |
| 650 | |a Fons Joan Junyer i Pascual (1909-1994) |9 72777 | ||
| 907 | |a .b33740835 |b 22-01-21 |c 09-05-08 |d 10-08-05 |e m |f a |g - |h cat |i spc |j 0 |k 2 | ||
| 908 | |a BC |a AHCB |a ANC |a UAB | ||
| 940 | |a BC | ||
| 942 | |2 udc |c ARXIU |n 1 | ||
| 952 | |0 0 |1 0 |4 0 |6 F50457 |7 1 |9 98451 |a Arxiu |b Arxiu |d 2025-10-14 |l 0 |o F-504-57 |p 24813 |r 2025-10-14 11:51:50 |w 2025-10-14 |y ARXIU | ||
| 999 | |c 130205 |d 130205 | ||